Statistics for Countries with 5 or more syllables

Click here to take the quiz!

General Stats

  • This quiz has been taken 115 times
    (80 since last reset)
  • The average score is 14 of 24

Answer Stats

Answer% Correct
Democratic Republic of the Congo
84%
United Kingdom
82%
Dominican Republic
75%
United Arab Emirates
74%
Republic of the Congo
70%
Trinidad and Tobago
69%
Antigua and Barbuda
67%
Central African Republic
67%
Federated States of Micronesia
67%
Papua New Guinea
64%
Saudi Arabia
64%
Bosnia and Herzegovina
61%
Equatorial Guinea
59%
St. Vincent and the Grenadines
57%
Solomon Islands
56%
St. Kitts and Nevis
56%
North Macedonia
49%
Sao Tome and Principe
44%
Mauritania
39%
Vatican City
38%
Burkina Faso
36%
Ethiopia
34%
Sierra Leone
33%
Lithuania
31%

Score Distribution

Percentile by Number Answered

Percent of People with Each Score

Your Score History

You have not taken this quiz since the last reset